| 000 | 00566nam a2200193Ia 4500 | ||
|---|---|---|---|
| 008 | 191130s2003##################000#0#eng## | ||
| 020 | _a9780521686358 | ||
| 040 |
_aACL _cACL |
||
| 082 | _a428.64 LOA | ||
| 100 | _aLoader, Mandy | ||
| 245 |
_aEye of the storm _cMandy Loader |
||
| 260 |
_aCambridge _bCambridge University Press _c2003 |
||
| 300 | _a61 p. : maps ; 20 cm | ||
| 650 | _aEnglish language -- Textbooks for foreign speakers | ||
| 650 | _aHurricanes -- Fiction | ||
| 990 | _a2d4dafbfac10000c77879bdecef19ec7 | ||
| 991 | _a402624 | ||
| 999 |
_c261881 _d261881 |
||